000 00345 a2200133 4500
001 64640
040 _cAnchieta - Pituba
100 _aBISPO, Fernanda Villela Bastos
240 1 0 _a1ª Avaliação de História, 7º ano
_lpor
245 1 0 _a1ª Avaliação de História, 7º ano
362 0 _a2018
650 4 _aGeografia e História
942 _cBK
999 _c64640
_d64640